| 000 | 00633cam a2200181 4500 | ||
|---|---|---|---|
| 001 | WS119192 | ||
| 008 | 020805n 000 0 eng u | ||
| 035 | _a(Sirsi) u119192 | ||
| 110 |
_aEconomist Intelligence Unit _972 |
||
| 245 | _aEconomist Intelligence Unit | ||
| 520 | _aWeb site for this company which specialises in providing economic information on different countries via charged reports. | ||
| 650 | _aECONOMICS | ||
| 650 | _aECONOMIC ANALYSIS | ||
| 650 |
_aValuation _96273 |
||
| 690 | _aMANAGEMENT-BUSINESS MANAGEMENT | ||
| 856 | 4 | 0 |
_uhttps://www.eiu.com _zView the website free of charge at www.eiu.com... |
| 942 | _n0 | ||
| 999 |
_c120141 _d120141 |
||